Reglamento para la reparación y conservación de las veredas principales y caminos vecinales o transversales de la provincia de La Coruña : va acompañado de una instrucción facultativa para las obras que deben ejecutarse va acompañado de una instrucción facultativa para las obras que deben ejecutarse

Publicado: Coruña : Impr. y librería de D. Domingo Puga , 1845
Descripción Física: 12 p. ; 21 cm
Otros Autores: Martínez, José

MARC

LEADER 00000nam a2200000Ia 4500
001 15805
008 160829s1845 xx 000 0 cat d
080 |a RF-14-8 
245 |a Reglamento para la reparación y conservación de las veredas principales y caminos vecinales o transversales de la provincia de La Coruña :  |b  va acompañado de una instrucción facultativa para las obras que deben ejecutarse 
260 |a Coruña :  |b Impr. y librería de D. Domingo Puga,  |c 1845 
300 |a 12 p. ;  |c 21 cm 
590 |a Prové de 883, exp. 2, camins veïnals.  
590 |a Hi ha un duplicat signat per José Martínez a la mateixa capsa 
650 |a Camins veïnals  |x Corunya, la (Província)  |x Manteniment i reparació  |x Normes  |9 48547 
700 |a Martínez, José  |9 48548 
856 4 |u https://media.diba.cat/diba/fitxers/arxiu/fulletons/bib_15805_1845_baixa.pdf  |y Accés lliure 
856 4 |u https://media.diba.cat/diba/fitxers/arxiu/fulletons/bib_15805_1845_baixa.pdf  |y Accés lliure 
901 |a Arxiu 
942 |n 1  |2 udc 
952 |0 0  |1 0  |4 0  |6 RF148  |7 1  |9 54648  |a Arxiu  |b Arxiu  |d 2016-12-01  |l 0  |o RF-14-8  |p 15805  |r 2016-12-01 00:00:00  |w 2016-12-01  |y ARXIU 
999 |c 58517  |d 58517 
900 |a bib_15805_1845_baixa.pdf